00391 2200157 4500001002100000005001500021008004100036020002200077035001900099041000700118082000800125090001400133100001900147245003200166260003500198INLIS00000000002073820241224130910241224||||||||| | ||| |||| || |  a978-979-002-646-9 0010-1224020738 aid0 a641 a641 SIN i0 aSINGGIH WIBOWO00a50 Jenis Bakso sehat & enak aJakartabPenebar Swadayac2014